000
00234nam a22000857a 4500
008
160905b xxu||||| |||| 00| 0 eng d
100
_9
294
_a
Jonathan Swift
245
_a
Gulliver's Travels
260
_a
New Delhi
_b
Ratna Sagar publication
_c
1892
999
_c
2953
_d
2953